Les 20 préfectures les plus proches de Limoges - Statistiques

Statistiques générales
  • Ce quiz a été pris 224 fois
  • Le résultat moyen est 14 sur 20
Statistiques - réponses
distance (en km) ville préfecture % Correct
182 Bordeaux
93%
109 Poitiers
90%
141 Clermont-Ferrand
89%
74 Tulle
89%
60 Guéret
88%
190 La Rochelle
86%
88 Angoulême
83%
83 Périgueux
81%
178.56 Tours
76%
114 Chateauroux
74%
144 Niort
72%
137 Aurillac
70%
164 Bourges
65%
155 Cahors
62%
195.13 Blois
59%
178.83 Moulins
59%
189 Agen
58%
202 Montauban
54%
194.58 Rodez
53%
194 Nevers
44%
Aucun quiz correspondant
Distribution des résultats
% des personnes avec chaque résultat
Percentile par nombre de réponses
Votre historique - résultats
Vous n’avez pas pris ce quiz